Semiología Médica (Registro nro. 2077)

Detalles MARC
000 -LEADER
fixed length control field 01949nam a22002537a 4500
003 - CONTROL NUMBER IDENTIFIER
control field OSt
005 - DATE AND TIME OF LATEST TRANSACTION
control field 20260427103721.0
008 - FIXED-LENGTH DATA ELEMENTS--GENERAL INFORMATION
fixed length control field 260427b |||||||| |||| 00| 0 SPA d
020 ## - INTERNATIONAL STANDARD BOOK NUMBER
International Standard Book Number 9789500696616
082 ## - DEWEY DECIMAL CLASSIFICATION NUMBER
Edition number 9789500696616
100 ## - MAIN ENTRY--PERSONAL NAME
Personal name Horacio A. Argente y Marcelo E. Álvarez.
245 ## - TITLE STATEMENT
Title Semiología Médica
Remainder of title Fisiopatología, Semiotecnia y Propedéutica. Enseñanza-aprendizaje centrada en la persona
250 ## - EDITION STATEMENT
Edition statement 3ª edición.
260 ## - PUBLICATION, DISTRIBUTION, ETC.
Place of publication, distribution, etc. Buenos Aires, Argentina
Name of publisher, distributor, etc. Editorial Médica Panamericana
Date of publication, distribution, etc. 2021
300 ## - PHYSICAL DESCRIPTION
Extent 1760 pág
Other physical details Tapa dura (cartoné).
Dimensions 20.5 cm x 28 cm
490 ## - SERIES STATEMENT
Materials specified TAPA DURA
520 ## - SUMMARY, ETC.
Summary, etc. El objetivo primordial de esta obra consiste en proporcionar un marco teórico y práctico integral para el proceso de enseñanza-aprendizaje de la medicina, fundamentado en un paradigma centrado en la persona. El texto se propone amalgamar la semiotecnia, la propedéutica y la fisiopatología como los pilares esenciales sobre los cuales se construye un diagnóstico clínico preciso y humano. Mediante su propuesta pedagógica, el libro busca revalorizar el vínculo médico-paciente y fomentar el desarrollo de un razonamiento clínico ético frente a los desafíos de la tecnología contemporánea. Asimismo, la obra aspira a que el estudiante adquiera un juicio crítico sólido, integrando el rigor de la evidencia científica con la sensibilidad necesaria para el ejercicio profesional. Finalmente, se orienta a consolidar la formación de un médico capaz de interpretar la realidad biopsicosocial del individuo en el contexto de su práctica clínica diaria.
650 ## - SUBJECT ADDED ENTRY--TOPICAL TERM
Topical term or geographic name entry element ntroducción y Bases de la Práctica Médica
Form subdivision Sistema Respiratorio
651 ## - SUBJECT ADDED ENTRY--GEOGRAPHIC NAME
Source of heading or term Semiología General
Form subdivision Sistema Cardiovascular
654 ## - SUBJECT ADDED ENTRY--FACETED TOPICAL TERMS
Source of heading or term Sistema Digestivo
Form subdivision Sistema Nefrourológico
General subdivision Sistema Endocrino y Metabolismo:
655 ## - INDEX TERM--GENRE/FORM
General subdivision Sistema Hematopoyético
700 ## - ADDED ENTRY--PERSONAL NAME
Personal name Horacio A. Argente y Marcelo E. Álvarez.
942 ## - ADDED ENTRY ELEMENTS (KOHA)
Source of classification or shelving scheme Dewey Decimal Classification
Koha item type Libros
Suppress in OPAC No
Existencias
Withdrawn status Lost status Source of classification or shelving scheme Damaged status Not for loan Collection Home library Current library Shelving location Date acquired Source of acquisition Coded location qualifier Inventory number Total checkouts Full call number Barcode Date last seen Copy number Price effective from Koha item type
    Dewey Decimal Classification     Estantería E Fila 3 Biblioteca Stanford Biblioteca Stanford Biblioteca Cerrada 27.04.2026 GUIA 0792 0792   SEMIOLOGIA MEDI0792 27.04.2026 1 27.04.2026 Libros
Bienvenido a nuestra Biblioteca